<?xml version="1.0" encoding="UTF-8"?>
<record
    xmlns:xsi="http://www.w3.org/2001/XMLSchema-instance"
    xsi:schemaLocation="http://www.loc.gov/MARC21/slim http://www.loc.gov/standards/marcxml/schema/MARC21slim.xsd"
    xmlns="http://www.loc.gov/MARC21/slim">

  <leader>01065    a2200181   4500</leader>
  <controlfield tag="003">Nust</controlfield>
  <controlfield tag="005">20221227122156.0</controlfield>
  <datafield tag="040" ind1=" " ind2=" ">
    <subfield code="c">Nust</subfield>
  </datafield>
  <datafield tag="082" ind1=" " ind2=" ">
    <subfield code="a">621.385,HER</subfield>
  </datafield>
  <datafield tag="100" ind1=" " ind2=" ">
    <subfield code="a">Herbert , Procter</subfield>
    <subfield code="9">106027</subfield>
  </datafield>
  <datafield tag="245" ind1=" " ind2=" ">
    <subfield code="a">Telephony :</subfield>
    <subfield code="b">A Detailed Exposition of the Telephone System of the British post Office  /</subfield>
    <subfield code="c">Procter Herbert , </subfield>
  </datafield>
  <datafield tag="250" ind1=" " ind2=" ">
    <subfield code="a">Vol II</subfield>
  </datafield>
  <datafield tag="260" ind1=" " ind2=" ">
    <subfield code="a">london </subfield>
    <subfield code="b">Sir Isaac Pitman</subfield>
    <subfield code="c">1940</subfield>
  </datafield>
  <datafield tag="300" ind1=" " ind2=" ">
    <subfield code="a">749p;</subfield>
  </datafield>
  <datafield tag="505" ind1=" " ind2=" ">
    <subfield code="a">Introduction (Page-1), Elementary Principles of the Step-by-step System (Page-11), Subscribers Station Apparatus (Page-36), Relays and Mechanisms (Page-85), Power Plant and Common Apparatus (Page-170), Non &#x2013; Director System (Page-202), Multi &#x2013; Exchange Areas (page-280), Director System (Page-303), Miscellaneous Circuits (Page-443), Siemens no 16 System (Page-476), Relay System (page-519), Unit Automatic Exchanges (Page-547), Revertive Impulse Systems (Page-583), Recent Developments in Swathing Systems (Page-612), Trunking and Grading (Page-560), Maintence (Page-684). </subfield>
  </datafield>
  <datafield tag="650" ind1=" " ind2=" ">
    <subfield code="a">Telephony</subfield>
    <subfield code="9">106028</subfield>
  </datafield>
  <datafield tag="942" ind1=" " ind2=" ">
    <subfield code="2">ddc</subfield>
    <subfield code="c">BK</subfield>
  </datafield>
  <datafield tag="999" ind1=" " ind2=" ">
    <subfield code="c">195020</subfield>
    <subfield code="d">195020</subfield>
  </datafield>
  <datafield tag="952" ind1=" " ind2=" ">
    <subfield code="0">0</subfield>
    <subfield code="1">0</subfield>
    <subfield code="2">ddc</subfield>
    <subfield code="4">0</subfield>
    <subfield code="7">0</subfield>
    <subfield code="a">MCS</subfield>
    <subfield code="b">MCS</subfield>
    <subfield code="c">GEN</subfield>
    <subfield code="d">2016-12-12</subfield>
    <subfield code="o">621.385,HER</subfield>
    <subfield code="p">MCS6855</subfield>
    <subfield code="r">2016-12-08</subfield>
    <subfield code="w">2016-12-12</subfield>
    <subfield code="y">BK</subfield>
    <subfield code="z">Almirah No.40, Shelf No.2</subfield>
  </datafield>
</record>
